| 000 | 00613nam a2200205Ia 4500 | ||
|---|---|---|---|
| 005 | 20260429112017.0 | ||
| 008 | 260429s9999||||xx |||||||||||||| ||und|| | ||
| 020 | _a9781032829012 | ||
| 041 | _aEnglish | ||
| 082 |
_a371.1 _bBOU |
||
| 100 | _aBoucher, Rachel | ||
| 245 | 0 |
_aHow to be a happy teacher : _ba practical guide to self-care and wellbeing in the classroom and beyond / _cRachel Boucher |
|
| 250 | _a1st ed. | ||
| 260 |
_aNew Delhi : _bRoutledge, _c2025. |
||
| 300 | _axi, 80 p.; pbk | ||
| 650 | _a Professional development | ||
| 650 | _a Self-care | ||
| 650 | _aTeacher wellbeing | ||
| 942 | _cTB | ||
| 999 |
_c51872 _d51872 |
||